-
JENA, DR.DILLIP KUMAR AND PRADHAN, DR. PANKAJ
Entry Personal Name
Number of records used in: 1
001 - CONTROL NUMBER
003 - CONTROL NUMBER IDENTIFIER
005 - DATE AND TIME OF LATEST TRANSACTION
- control field:
20240919131710.0
008 - FIXED-LENGTH DATA ELEMENTS
- fixed length control field:
240919|| aca||aabn | a|a d
040 ## - CATALOGING SOURCE
- Original cataloging agency:
JRU
- Transcribing agency:
JRU
100 ## - HEADING--PERSONAL NAME
- Personal name:
JENA, DR.DILLIP KUMAR AND PRADHAN, DR. PANKAJ
670 ## - SOURCE DATA FOUND
- Source citation:
Work cat.: (JRU)8677: JENA, DR.DILLIP KUMAR AND PRADHAN, DR. PANKAJ, QUALITY CONTROL AND STANDARDIZATION OF HERBALS [ B.PHARMA, 8TH SEMESTER]